Theologia fundamentalis, seu apparatus eruditionis ad Theologiam Positivo-Scholasticam, ubi de locis theologicis tam in communiquám in particular copiosè simúl ac concisè disseritur, cum respectiva insertione earum difficultatum quae seu Historiam, seu Criticam, seu Dogmata concernentes, viam pandunt, tum pro Juvenibus in Antiquitate, Historia, Disciplina, & Doctrina Ecclesiae utilitérinstruendis; cúm pro solidé constabiliendis Regulis, queis uti debent in prae dictorum locorum versatione (Record no. 8551)

MARC details
000 -CABECERA
campo de control de longitud fija 01903nam a2200253 a 4500
001 - NÚMERO DE CONTROL
campo de control BRCA_8900
005 - FECHA Y HORA DE LA ÚLTIMA TRANSACCIÓN
campo de control 20190320210442.0
008 - DATOS DE LONGITUD FIJA--INFORMACIÓN GENERAL
campo de control de longitud fija 160617s1776----sp-#######---#000-0#lat-#
041 ## - CÓDIGO DE LENGUA
Código de lengua del texto/banda sonora o título independiente lat
044 ## - CÓDIGO DEL PAÍS DE LA ENTIDAD EDITORA/PRODUCTORA
Código MARC del país sp
084 ## - OTRO NÚMERO DE CLASIFICACIÓN
Número de clasificación CO71
Número de documento/Ítem .L67 1776
100 1# - ENTRADA PRINCIPAL--NOMBRE DE PERSONA
Nombre de persona Lopez Muñoz, Antonio
9 (RLIN) 22141
245 10 - MENCIÓN DE TÍTULO
Título Theologia fundamentalis, seu apparatus eruditionis ad Theologiam Positivo-Scholasticam, ubi de locis theologicis tam in communiquám in particular copiosè simúl ac concisè disseritur, cum respectiva insertione earum difficultatum quae seu Historiam, seu Criticam, seu Dogmata concernentes, viam pandunt, tum pro Juvenibus in Antiquitate, Historia, Disciplina, & Doctrina Ecclesiae utilitérinstruendis; cúm pro solidé constabiliendis Regulis, queis uti debent in prae dictorum locorum versatione
Resto del título Ordinatus, & digestus
Mención de responsabilidad, etc. Per P. Fr. Antonium Lopez et Muñoz; Tomus secundus.
260 ## - PUBLICACIÓN, DISTRIBUCIÓN, ETC.
Lugar de publicación, distribución, etc. Matriti
Nombre del editor, distribuidor, etc. Ex typographia Blasii Román
Fecha de publicación, distribución, etc. 1776
300 ## - DESCRIPCIÓN FÍSICA
Extensión [18], 504 p. (t.2)
Otras características físicas 21.6 x 16 cm
500 ## - NOTA GENERAL
Nota general Superiorum permissu
500 ## - NOTA GENERAL
Nota general Cum privilegio
500 ## - NOTA GENERAL
Nota general Estado físico: presenta encuadernación en pergamino, con cintas rotas
500 ## - NOTA GENERAL
Nota general Con marca de fuego: “Procedencia de la marca: Convento de Santiago de Tlatelolco, D.F.(1). Institución: Orden de Frailes Menores. Provincia del Santo Evangelio de México. Descripción: Inscrito en un rectándulo, monograma con las letras entrelazadas que conforman la palabra: TLATELOLCO. Observaciones: Carlos Krausse la cataloga como perteneciente al Colegio Imperial de la Santa Cruz, llamado también de San Buenaventura, en Santiago Tlatelolco, D.F. Ubicación de la marca en el libro: Canto superior”
650 14 - PUNTO DE ACCESO ADICIONAL DE MATERIA--TÉRMINO DE MATERIA
Término de materia o nombre geográfico como elemento de entrada Teología
Subdivisión cronológica Obras anteriores a 1800
9 (RLIN) 22142
856 ## - LOCALIZACIÓN Y ACCESO ELECTRÓNICOS
Nombre del host http://www.marcasdefuego.buap.mx:8180/xmLibris/projects/firebrand/item.jsp?repository=marcas_de_fuego&key=4bce1746.xml&num=46
902 ## - CATALOGADOR
Iniciales CFM
942 ## - ELEMENTOS DE PUNTO DE ACCESO ADICIONAL (KOHA)
Fuente del sistema de clasificación o colocación Library of Congress Classification
Tipo de ítem Koha Libros
Holdings
Estado de retiro Estado de pérdida Estado dañado No para préstamo Localización permanente Ubicación/localización actual Fecha de adquisición Total de préstamos Signatura topográfica completa Código de barras Fecha visto por última vez Precio válido a partir de Tipo de ítem Koha
El ejemplar forma parte de la colección y puede ser consultado según las políticas vigentes.       Biblioteca del Museo Franz Mayer (Rogerio Casas-Alatriste) Biblioteca del Museo Franz Mayer (Rogerio Casas-Alatriste) 16/06/2017   CO71 .L67 1776 CFM00223 22/03/2019 22/03/2019 Libros